|
|
|
|
| LEADER |
00000nam a22000007a 4500 |
| 005 |
2020010909389.0 |
| 007 |
cr|||| |||| |
| 008 |
200109s2019 co |||||s|||| 00||0 spa d |
| 020 |
|
|
|a 978-958-784-296-8
|
| 035 |
|
|
|a 30933
|
| 040 |
|
|
|a vLex
|
| 090 |
|
|
|c 10104
|d 10104
|
| 100 |
1 |
|
|a Londoǫ-Toro, Beatriz
|
| 245 |
1 |
0 |
|a Migracin̤ y Derechos Humanos
|h [Recurso electrn̤ico] :
|b el caso colombiano, 2014-2018 /
|c Beatriz Londoǫ-Toro, Mara̕ Teresa Palacios Sanabria
|
| 256 |
|
|
|a Servicio en ln̕ea
|
| 260 |
|
|
|a Bogot:̀
|b Editorial Universidad de Rosario (Colombia),
|c 2019
|
| 300 |
|
|
|a 1 recurso electrn̤ico
|
| 500 |
|
|
|a A partir de la experiencia colombiana (2014-2018), este libro presenta los principales retos existentes en los pas̕es receptores de poblacin̤ migrante al construir polt̕icas pb︢licas, institucionalidad de respuesta y regulaciones internas cuyas exigencias internas e internacionales implican la aplicacin̤ de un enfoque de derechos humanos. Se trata de una propuesta de investigacin̤ que surge al interior de la Red Sociojurd̕ica en el aǫ 2017 y que compromete a veintin︢ universidades colombianas y cuarenta y cinco investigadores bajo el liderazgo de la Universidad del Rosario, en la construccin̤ de un diagns̤tico que da cuenta desde la mirada nacional y desde las regiones, de lo que ha sucedido en respuesta a los derechos a la salud, educacin̤, trabajo y acceso a la justicia de los migrantes en los l︢timos cuatro aǫs en Colombia. La obra inicia con una reflexin̤ sobre el rol de las instituciones nacionales frente a la migracin̤ venezolana, se estudia luego la situacin̤ en las zonas de frontera del pas̕, se examina adems̀ la respuesta en la zona centro, en la regin̤ de Antioquia y el Eje Cafetero. El capt̕ulo de cierre desarrolla uno de los problemas ms̀ graves resultado del diagns̤tico: el tema de la apatridia de miles de niǫs y niąs, hijos de mujeres venezolanas en condicin̤ migratoria irregular, nacidos en todas las regiones del pas̕ en este pero̕do. Palabras clave: Migracin̤, Derechos Humanos, polt̕ica migratoria, polt̕ica pb︢lica diagns̤tico regional, Colombia.
|
| 506 |
1 |
|
|a Disponible solo en los productos indicados
|d vLex Global
|d vLex Global (Academic Edition, excluding Law Schools)
|d vLex Global (U.S. Academic Edition, Law Schools)
|d vLex Global (U.S. Academic Edition, excluding Law Schools)
|d vLex Global (Academic Edition, Law Schools)
|
| 650 |
0 |
4 |
|a Economa̕ Espaǫla
|z Colombia
|
| 740 |
0 |
|
|a vLex Libros (Servicio en ln̕ea)
|
| 856 |
4 |
0 |
|u http://vlex.com/source/migracion-y-derechos-humanos-el-caso-colombiano-2014-2018-30933
|z Acceso restringido
|
| 942 |
|
|
|c BOOK
|
| 999 |
0 |
|
|a Spanish economy
|